<?xml version="1.0" encoding="UTF-8"?><?xml-stylesheet type="text/xsl" href="static/style.xsl"?><OAI-PMH xmlns="http://www.openarchives.org/OAI/2.0/" xmlns:xsi="http://www.w3.org/2001/XMLSchema-instance" xsi:schemaLocation="http://www.openarchives.org/OAI/2.0/ http://www.openarchives.org/OAI/2.0/OAI-PMH.xsd"><responseDate>2026-04-17T22:55:41Z</responseDate><request verb="GetRecord" identifier="oai:www.recercat.cat:2445/102245" metadataPrefix="marc">https://recercat.cat/oai/request</request><GetRecord><record><header><identifier>oai:recercat.cat:2445/102245</identifier><datestamp>2025-12-04T20:39:35Z</datestamp><setSpec>com_2072_1057</setSpec><setSpec>col_2072_478800</setSpec><setSpec>col_2072_478917</setSpec></header><metadata><record xmlns="http://www.loc.gov/MARC21/slim" xmlns:dcterms="http://purl.org/dc/terms/" xmlns:xsi="http://www.w3.org/2001/XMLSchema-instance" xmlns:doc="http://www.lyncode.com/xoai" xsi:schemaLocation="http://www.loc.gov/MARC21/slim http://www.loc.gov/standards/marcxml/schema/MARC21slim.xsd">
   <leader>00925njm 22002777a 4500</leader>
   <datafield ind2=" " ind1=" " tag="042">
      <subfield code="a">dc</subfield>
   </datafield>
   <datafield ind2=" " ind1=" " tag="720">
      <subfield code="a">Núñez, Fabiana</subfield>
      <subfield code="e">author</subfield>
   </datafield>
   <datafield ind2=" " ind1=" " tag="720">
      <subfield code="a">Argüelles, A. A.</subfield>
      <subfield code="e">author</subfield>
   </datafield>
   <datafield ind2=" " ind1=" " tag="720">
      <subfield code="a">Lozano, Luis</subfield>
      <subfield code="e">author</subfield>
   </datafield>
   <datafield ind2=" " ind1=" " tag="720">
      <subfield code="a">Popescu, Dragos</subfield>
      <subfield code="e">author</subfield>
   </datafield>
   <datafield ind2=" " ind1=" " tag="720">
      <subfield code="a">Maculé Beneyto, Francisco</subfield>
      <subfield code="e">author</subfield>
   </datafield>
   <datafield ind2=" " ind1=" " tag="720">
      <subfield code="a">Suso Vergara, Santiago</subfield>
      <subfield code="e">author</subfield>
   </datafield>
   <datafield ind2=" " ind1=" " tag="260">
      <subfield code="c">2016-09-29T11:55:46Z</subfield>
   </datafield>
   <datafield ind2=" " ind1=" " tag="260">
      <subfield code="c">2016-09-29T11:55:46Z</subfield>
   </datafield>
   <datafield ind2=" " ind1=" " tag="260">
      <subfield code="c">2013-01-01</subfield>
   </datafield>
   <datafield ind2=" " ind1=" " tag="260">
      <subfield code="c">2016-09-29T11:55:52Z</subfield>
   </datafield>
   <datafield ind2=" " ind1=" " tag="520">
      <subfield code="a">El empleo del metal trabecular en la superficie tibial podría aumentar la supervivencia de las prótesis dentro de la población que presenta obesidad grave o mórbida (IMC > 35 kg/ m2 ). Se realizó un estudio prospectivo, descriptivo, con prótesis total de rodilla de componente de metal trabecular a pacientes con IMC > 35 kg/m2 , con un seguimiento mínimo de dos años, análisis estadístico mediante la prueba T Student a las escalas Knee Society Score y Western Ontario and McMaster Universities prequirúrgico y postquirúrgico. Prueba χ2 a valores de índice de masa corporal relacionándolos con mayor o menor imágenes de radiolucencias. En 39 pacientes, de los cuales se eliminaron tres pacientes por no contar con el seguimiento radiográfi co, seguimiento promedio de 34 meses (25-43), 35 fueron del sexo femenino, edad promedio de 69.4 años (57-81), índice de masa corporal promedio de 39.43 kg/m2 (35-55), todos con artrosis tricompartimental grado 3 y 4. KSS(R y F) y WOMAC, con un 95% de intervalo de confianza, mostraron mejoría con signifi cación estadística a la evaluación de los resultados prequirúrgicos y al fi nal del seguimiento. Existen escasos estudios que midan la supervivencia de los implantes a largo plazo. La mayoría de autores definen la supervivencia como ausencia de necesidad de revisión de los implantes protésicos, siendo el punto fi nal de la supervivencia la extracción o el recambio de los componentes protésicos. Actualmente el metal trabecular se utiliza en cirugía ortopédica y cada vez se están aumentando sus aplicaciones clínicas con buenos resultados.</subfield>
   </datafield>
   <datafield tag="653" ind2=" " ind1=" ">
      <subfield code="a">Artroplàstia</subfield>
   </datafield>
   <datafield tag="653" ind2=" " ind1=" ">
      <subfield code="a">Genoll</subfield>
   </datafield>
   <datafield tag="653" ind2=" " ind1=" ">
      <subfield code="a">Obesitat</subfield>
   </datafield>
   <datafield tag="653" ind2=" " ind1=" ">
      <subfield code="a">Obesitat mòrbida</subfield>
   </datafield>
   <datafield tag="653" ind2=" " ind1=" ">
      <subfield code="a">Estadística mèdica</subfield>
   </datafield>
   <datafield tag="653" ind2=" " ind1=" ">
      <subfield code="a">Arthroplasty</subfield>
   </datafield>
   <datafield tag="653" ind2=" " ind1=" ">
      <subfield code="a">Knee</subfield>
   </datafield>
   <datafield tag="653" ind2=" " ind1=" ">
      <subfield code="a">Obesity</subfield>
   </datafield>
   <datafield tag="653" ind2=" " ind1=" ">
      <subfield code="a">Morbid obesity</subfield>
   </datafield>
   <datafield tag="653" ind2=" " ind1=" ">
      <subfield code="a">Medical statistics</subfield>
   </datafield>
   <datafield ind2="0" ind1="0" tag="245">
      <subfield code="a">Utilización del metal trabecular en artroplastía total de rodilla en pacientes obesos graves y mórbidos (IMC >35 kg/m2)</subfield>
   </datafield>
   <datafield ind2="0" ind1="0" tag="245">
      <subfield code="a">Use of trabecular metal in total knee arthroplasty in severely and morbidly obese patients (BMI > 35 kg/m2)</subfield>
   </datafield>
   <datafield ind2="0" ind1="0" tag="245">
      <subfield code="a">Meniscal harvesting, processing and preservation for allogeneic transplantation</subfield>
   </datafield>
</record></metadata></record></GetRecord></OAI-PMH>